| 000 | 01630cab a2200289 ab4500 | ||
|---|---|---|---|
| 005 | 20231108094402.0 | ||
| 008 | 991125c2016 ck fr p o 000 0 spa d | ||
| 035 | _aUPN01000218234 | ||
| 040 |
_aMX-MxUPN _bspa _cMX-MxUPN _eaacr2 |
||
| 049 | _aART-E | ||
| 100 | 1 | _aMontoya Velilla, Lisseth | |
| 100 | 1 | _uOcampo Mejía, Luz Natalia | |
| 100 | 1 | _aRodríguez Bustamante, Alexander | |
| 100 | 1 | _uGiraldo Hurtado, Cristina María | |
| 245 | 1 | 0 |
_aTú en tu casa, yo en la mía : _bparejas LAT _h[recurso electrónico en línea] |
| 506 | 0 | _aAcceso abierto | |
| 520 | 3 | _aEl texto que se presenta, da cuenta de algunas de las características propias de las parejas LAT, como posibilidad relacional-vincular en el mundo de la pareja; los autores consideran, de valor académico, la lectura y reflexión, referidos a la comprensión en terapia familiar sistémica, y cómo este modelo relacional es cada vez más evidente en las nuevas conformaciones de pareja en el mundo. El artículo está lejos de plantear recetas, recomendaciones y puntos para la intervención; su intención primera es la generación de preguntas y discusiones, a propósito de esta dinámica para vivir en pareja, en pareja LAT (Living Apart Together). Poiesis. | |
| 653 | 0 | _aPareja | |
| 653 | 0 | _aRelación de pareja | |
| 653 | 0 | _aVínculo de pareja | |
| 653 | 0 | _aDinamarca | |
| 773 |
_gNo. 30 (2016), p. 178-183 _tPoiesis: revista electrónica de psicología social _x1692-0945 |
||
| 856 | 4 | _uhttp://www.funlam.edu.co/revistas/index.php/poiesis/article/view/1860/1485 | |
| 902 | _bLeonor Sotres/071123 | ||
| 905 | _aArticulo | ||
| 942 | _cART-E | ||
| 999 |
_c190334 _d190334 |
||